| 000 | 01469cam a22003494a 4500 | ||
|---|---|---|---|
| 999 |
_c330547 _d330547 |
||
| 001 | 13104048 | ||
| 003 | NUST | ||
| 005 | 20170719164015.0 | ||
| 008 | 030225s2002 nyua b 001 0 eng d | ||
| 010 | _a 2003265867 | ||
| 020 | _a0071374914 | ||
| 035 | _a(OCoLC)ocm50769801 | ||
| 040 |
_aFUG _cFUG _dOCLCQ _dDLC |
||
| 042 | _alccopycat | ||
| 050 | 0 | 0 |
_aTJ900 _b.R57 2002 |
| 082 | 0 | 0 |
_a621.252 RIS _221 |
| 100 | 1 |
_aRishel, James B. _93450 |
|
| 245 | 1 | 0 |
_aWater pumps and pumping systems / _cJames B. (Burt) Rishel. |
| 246 | 1 | 3 | _aWater/wastewater treatment applications |
| 260 |
_aNew York : _bMcGraw-Hill, _cc2002. |
||
| 300 |
_a1 v. (various pagings) : _bill. ; _c23 cm. |
||
| 440 | 0 |
_aMcGraw-Hill professional engineering _93451 |
|
| 490 | 1 | _aCivil engineering | |
| 500 | _aH.B | ||
| 504 | _aIncludes bibliographical references and index. | ||
| 650 | 0 |
_aPumping machinery. _93452 |
|
| 650 | 0 |
_aWater-supply engineering. _9391 |
|
| 830 | 0 |
_aMcGraw-Hill civil engineering series. _93453 |
|
| 856 | 4 | 2 |
_3Contributor biographical information _uhttp://www.loc.gov/catdir/bios/mh041/2003265867.html |
| 856 | 4 | 1 |
_3Table of contents _uhttp://www.loc.gov/catdir/toc/mh031/2003265867.html |
| 856 | 4 | 2 |
_3Publisher description _uhttp://www.loc.gov/catdir/enhancements/fy0704/2003265867-d.html |
| 906 |
_a7 _bcbc _ccopycat _d2 _encip _f20 _gy-gencatlg |
||
| 942 |
_2ddc _cBK _kIESE |
||